Trouvez les chansons de l'Eurovision 2019 avec leur traduction - Statistiques

Statistiques générales
  • Ce quiz a été pris 100 fois
  • Le résultat moyen est 20 sur 40
Statistiques - réponses
Traductions Chansons % Correct
Roi Roi
86%
Réveillez-vous Wake up
82%
Dis na na na Say na na na
81%
Soeurs Sisters
81%
Vingt deux 22
78%
Elle m'a eu She got me
78%
Arcade Arcade
77%
Zéro gravité Zero gravity
75%
Le rêve The dream
73%
Amie d'un ami Friend of a friend
72%
Maison Home
72%
Fière Proud
68%
Rejouer Replay
67%
Esprit dans le ciel Spirit in the sky
67%
Plus gros que nous Bigger than us
66%
Trop tard pour l'amour Too late for love
66%
Reste Stay
63%
Cours avec les lions Run with the lions
61%
Limites Limits
58%
L'amour est pour toujours Love is forever
58%
Tempête / Orage Storm
58%
Vérité Truth
58%
Caméléon Chameleon
44%
Meilleur amour Better love
43%
Cette nuit That night
41%
Argent Soldi
38%
Ça brûle (Feu d'amour) Fire of love (Pali się)
28%
Paradis Heaven
28%
Le bandeau La venda
27%
Un dimanche On a sunday
27%
Téléphones portables Telemóveis
25%
Couronne Kruna
24%
La haine prévaudra Hatrið mun sigra
23%
Aime-le Like it
22%
Détourne le regard Look away
13%
Mon papa Az én apám
11%
Retour à la terre Ktheju tokës
11%
Sortant Walking out
11%
Pour toi Sebi
8%
Allez-y Keep on going
6%
Aucun quiz correspondant
Distribution des résultats
% des personnes avec chaque résultat
Percentile par nombre de réponses
Votre historique - résultats
Vous n’avez pas pris ce quiz